Lady Caligula
שמור ב:
| מחבר ראשי: | |
|---|---|
| פורמט: | ספר |
| שפה: | אנגלית |
| יצא לאור: |
DOE
1999
|
| תגים: |
אין תגיות, היה/י הראשונ/ה לתייג את הרשומה!
|
MARC
| LEADER | 00000nam a2200000 4500 | ||
|---|---|---|---|
| 005 | 20240918190035.0 | ||
| 008 | 240731b |||||||| |||| 00| 0 eng d | ||
| 040 | |c GP | ||
| 100 | |a Braun, Lasse | ||
| 245 | |a Lady Caligula | ||
| 260 | |b DOE |c 1999 | ||
| 942 | |2 ddc |c BK |n 0 | ||
| 952 | |0 0 |1 0 |2 ddc |4 0 |6 810_000000000000000_BRA |7 1 |9 1736 |a RM |b RM |d 2024-07-31 |l 0 |o 810 BRA |p 520 |r 2024-07-31 18:33:33 |w 2024-07-31 |y BK | ||
| 999 | |c 1552 |d 1552 | ||